000 00453nam a2200157Ia 4500
008 241206s9999||||xx |||||||||||||| ||und||
020 _a9788121924740
_c0
040 _beng
_cSSK Library
_erda
082 _a004.16/SIN
100 _a Anokh Singh, A.K. Chhabra
245 0 _aFundamentals Of Microprocessors And Its Applications
260 _b S. Chand
_c©2005
942 _2Dewey Decimal Classification
_cBOOK
_nNo
999 _c13884
_d13884
003 OSt
005 20241206223152.0